Largest Cities in Senegambia on a Map - Statistics

General Stats
  • This quiz has been taken 24 times
  • The average score is 4 of 12
Answers on the Map
Answers color-coded by a green-red scale on the quiz's map according to % correct below.
 
Answer Stats
Population City % Correct
1,883,093 Dakar
100%
64,188 Banjul
85%
175,465 Thiès
50%
104,502 Touba
45%
113,917 Saint-Louis
40%
61,761 Brikama
25%
150,961 Kaolack
25%
124,283 Ziguinchor
25%
76,751 M'Bour
20%
76,548 Diourbel
10%
52,057 Louga
10%
142,340 Rufisque
10%
No matching quizzes found
Score Distribution
Percent of People with Each Score
Percentile by Number Answered
Your Score History
You have not taken this quiz